| 000 | 01261cam a22003497a 4500 | ||
|---|---|---|---|
| 003 | CHAP | ||
| 005 | 20220329142404.0 | ||
| 008 | 001108d2000 mx r 00110 spa d | ||
| 010 | _a82760 | ||
| 011 | _a83732 | ||
| 035 | _a94248 | ||
| 040 | _cCHAP | ||
| 090 | _aTesis | ||
| 100 | 0 | 0 |
_aPichardo González, Juan Manuel. _987966 |
| 245 | 1 | 0 |
_aInfluencia del tiempo de almacenamiento sobre el reventado y germinación de semilla de amaranto (Amaranthus hypochondriacus L.) _c/por Juan Manuel Pichardo González. |
| 260 |
_aChapingo, Méx. : _bEl autor, _c2000. |
||
| 300 |
_a61 h. : _bcuads.; gráfs. |
||
| 502 | _aTesis (Ing. Agr. Esp. en Fitotecnia) -- UACH. Departamento de Fitotecnia. | ||
| 590 |
_aALEPH _b10 _c20130110 _lUCH01 _h1439 |
||
| 590 |
_aBATCH-UPD _b10 _c20130110 _lUCH01 _h0809 |
||
| 590 |
_aBATCH-UPD _b10 _c20130410 _lUCH01 _h0446 |
||
| 590 |
_aBATCH-UPD _b10 _c20130914 _lUCH01 _h0302 |
||
| 590 |
_aCONVERSION _b10 _c20130109 _lUCH01 _h1346 |
||
| 650 | 1 | 4 |
_aAmaranthus hypochondriacus. _95106 |
| 650 | 1 | 4 |
_aAmaranto _xSemilla. _95142 |
| 650 | 1 | 4 |
_aGerminación. _947755 |
| 901 | _aBK | ||
| 905 | _aEdna Luz | ||
| 942 | _cFOLL | ||
| 949 |
_bBC _cTES _d33724000803532 _eTS2 _fc.2 _h37390 _i94248 _si |
||
| 949 |
_bBC _cTES _d942481 _eTS1 _h37389 _i94248 _sb |
||
| 999 |
_c82760 _d82760 |
||